LEADER 02565nam a2200349 i 4500 001 000000330787 003 CaOOAMICUS 005 20190107143241.0 008 181018s2015 xxua u000 u eng u 013 $a171404 020 $a978-0-19-873537-3 040 $aSeMil$bita 041 1 $aeng$alat 100 0 $aDamasus I,$c.$0(OLS)http://semarc/name/35778 245 14$aThe epigraphic poetry :$bintroduction, texts, translations, and commentary /$cedited by Dennis Trout. 260 $aOxford :$bOxford University Press,$c2015. 300 $aXVII, 229 p., [4] carte di tav. :$bill. ;$c24 cm 490 0 $aOxford early Christian texts 500 $aTesto originale in latino e traduzione inglese a fronte 520 2 $aDamasus of Rome makes available in English the epigraphic poetry of Damasus, bishop of Rome from 366 to 384. The translations are accompanied by the Latin text as well as by commentary on the literary, topographic, and archaeological features of Damasus' inscribed epigrams. Antonio Ferrua published the last critical edition of Damasus' poetry in 1942. Since Ferrua's ground-breaking edition, however, much has changed. Recent scholarship has challenged the Damasan authorship of several epigrams, other pieces have been reinstated as Damasan, and archaeology has added fragments that were not known in 1942. Moreover in recent years new ways of appreciating Late Latin poetry have revolutionized thinking about many poets contemporary with Damasus. Damasus of Rome, therefore, not only offers new translations but updates the corpus and criticism of Damasus' poetry. A full introduction situates Damasus in his times by considering his troubled election and the issues that dominated Rome and his papacy. The 650 4$aDamaso I - Epigrammi.$0(OLS)http://semarc/subject/33295 650 4$aEpigrafia latina.$0(OLS)http://semarc/subject/3720 700 1 $aTrout, Dennis E.,$d<1953- >.$0(OLS)http://semarc/name/108333 830 0$aOxford early Christian texts.$0(OLS)http://semarc/title/31962 850 $aSeMil 852 $aSeMil$W1$xVenegono$y1$m2S IV 42$j209914$B223821$CSeMilBibl$Z2$F223821 $81 900 0 $aDamaso I$c. 996 $6020$a978-0-19-873537-3$9(OLS)http://semarc/number/285414 996 $6245$aThe epigraphic poetry :$bintroduction, texts, translations, and commentary$9(OLS)http://semarc/title/419296 996 $6260$aOxford :$bOxford University Press$9(OLS)http://semarc/publisher/35475 LEADER 01784nam a2200289 i 4500 001 000000027808 003 CaOOAMICUS 005 20250318123139.0 008 180830s1892 it u000 u lat u 040 $aSeMil$bita 100 1 $aBallerini, Antonio,$d<1805-1881>.$0(OLS)http://semarc/name/7388 245 10$aAntonii Ballerini Opus theologicum morale in Busembaum Medullam /$cabsolvit et edidit Dominicus Palmieri. 250 $aEditio secunda in nonnullis aucta et emendata. 260 $aPrati :$bGiachetti,$c1892. 300 $a8 v. ;$c25 cm. 650 4$aTeologia morale - Manuali.$0(OLS)http://semarc/subject/610 700 1 $aPalmieri, Domenico,$c.$0(OLS)http://semarc/name/12570 774 0 $tTractatus continens generales De actibus humanis, De conscientia, De legibus, De peccatis cum duabus appendicibus.$g1$w()49708 774 0 $tTractatus continens De praeceptis virtutum theologicarum de praeceptis decalogi (excepto 7.) de (quibusdam) ecclesiae praeceptis.$g2$w()217576 774 0 $tTractatum 8. continens De iustitia et iure.$g3$w()217577 774 0 $tContinens Tractatum 9. De praeceptis particolaribus et Tractatum 10. Ex parte H. E. de sacramentis in genere, de baptismo, confirmatione, eucharistia.$g4$w()217578 774 0 $tSacramento poenitentiae, de extrema unctione, de ordine cum appendice.$g5$w()217575 774 0 $tContinens ex tractatu 10. sectionem 8. De matrimonio.$g6$w()217580 774 0 $tContinens Tractatum 11. De censuris et irregularitatibus cum Indice auctorum et totius operis indice analytico.$g7$w()217579 996 $6245$aAntonii Ballerini Opus theologicum morale in Busembaum Medullam$9(OLS)http://semarc/title/37674 996 $6260$aPrati :$bGiachetti$9(OLS)http://semarc/publisher/37464